10 największych miast w łódzkim - Statystyki

Ogólne statystyki
  • Ten quiz został rozwiązany 220 razy
  • Średni wynik to 7 z 10
Statystyki odpowiedzi
Liczba ludności Miasto % Poprawnych
685 285 Łódź
100%
73 670 Piotrków Tryb.
85%
65 283 Pabianice
75%
56 529 Zgierz
74%
57 432 Bełchatów
68%
48 178 Skierniewice
67%
62 648 Tomaszów Maz.
66%
42 267 Sieradz
64%
46 087 Radomsko
61%
44 172 Kutno
56%
Nie znaleziono quizów pasujących do podanych kryteriów
Rozkład punktacji
Procent ludzi z każdym wynikiem
Percentyl według liczby udzielonych odpowiedzi
Twoja historia wyników
Nie rozwiązałeś tego quizu